000 00811nam a2200265 a 4500
001 BRL_481
005 20190320210749.0
008 190813s1950----mx-a######---#000-0#spa-#
041 _aspa
044 _amx
050 4 _aN6553
_b.E53 7 1950
100 1 _aBernal, Ignacio
_9778
245 1 0 _aCompendio de arte mesoamericano
_cIgnacio Bernal.
260 _aMéxico
_bEdiciones Mexicanas
_c1950
300 _a52 p.
_bil. (algunas a color), 42 láminas, 1 mapa
_c24 cm.
440 0 _aEnciclopedia mexicana de arte
_v7
_924055
500 _aAu468
650 1 4 _aArte
_zMéxico
_924056
650 1 4 _aArte indígena
_zMéxico
_9597
650 1 4 _aArte indígena
_zCentroamérica
_924057
651 4 _aMéxico
_xAntigüedades
_92765
651 4 _aCentroamérica
_xAntigüedades
_924058
902 _aGRL
942 _2lcc
_cB
999 _c9293
_d9293